Panel Show Regulars - Statistics

General Stats
  • This quiz has been taken 10 times
  • The average score is 37 of 76
Answer Stats
Hint Answer % Correct
Panellist Supremo (2003-present) Alan Davies
100%
Regular (2007-present) David Mitchell
100%
Chair (2021-present) Greg Davies
100%
Chair (2005-2006) Lee Mack
100%
Regular (2007-present) Lee Mack
100%
Chair (2009-present) Rob Brydon
100%
Nøgleperson/Oversygeplejerske/Programvært/Spørsmålstegn/ Ræsonnør/Skolebestyrer/ Tryllekunstner/Uunderviser (2016-present) Sandi Toksvig
100%
QI Master (2003-2016) Stephen Fry
100%
Chair (2005-2022 Dara Ó Briain
90%
Regular (2005-2022) Hugh Dennis
90%
Chair (2005-2021) Jimmy Carr
90%
Captain (2011-2015) Jon Richardson
90%
Regular (2006) Sean Lock
90%
Captain (2005-2015) Sean Lock
90%
Chair (1990-2002) Angus Deayton
80%
Chair (2007-2008) Angus Deayton
80%
Chair (1993-2011) Bob Mortimer
80%
Captain (1990-present) Ian Hislop
80%
Captain (2009-present) Noel Fielding
80%
Regular (1989-present) Paul Merton
80%
Captain (1990-present) Paul Merton
80%
Chair (1993-2011) Vic Reeves
80%
Regular (2006-2015) Andy Parsons
70%
Regular (2011-2013) Chris Addison
70%
Regular (2005-2009) Frankie Boyle
70%
Regular (2007-2010) Russell Howard
70%
Chair (1967-2019) Nichols Parsons
60%
Captain (2021-present) Daisey May Cooper
50%
Scorekeeper (1995-2009) George Dawes
50%
Regular (2021-present) Jamali Maddix
50%
Regular (1971-2000) Peter Jones
50%
Captain (1996-2014) Phil Jupitus
50%
Captain (2016-2021) Rob Beckett
50%
Chair (2006-2008) Simon Amstell
50%
Captain (2016-2017) Aisling Bea
40%
Regular (2022) Angela Barnes
40%
Chair (2009-present) Jack Dee
40%
Captain (2008-2011) Jack Dee
40%
Regular (2002) Johnny Vegas
40%
Captain (2020-2021) Katherine Ryan
40%
Chair (2014) Rhod Gilbert
40%
Captain (1995-2011) Ulrika Jonsson
40%
Captain (2002-2008) Bill Bailey
30%
Regular (1972-1974) Bill Oddie
30%
Captain (2005-2006) Dave Spikey
30%
Captain (1995-2003) Gary Lineker
30%
Regular (1972-present) Graeme Garden
30%
Chair (1972-2008) Humphrey Lyttleton
30%
Captain (2007-2010) Jason Manford
30%
Captain (1995-1997) Mark Lamarr
30%
Chair (1996-2005) Mark Lamarr
30%
Regular (2006) Rory Bremner
30%
Captain (1996-2002) Sean Hughes
30%
Chair (2021-present) Sue Perkins
30%
Regular (1972-2020) Tim Brooke-Taylor
30%
Scorekeeper (2010-2011) Angelos Epithemiou
20%
Regular (2009) Angelos Epithemiou
20%
Regular (1973-2022) Barry Cryer
20%
Regular (1967-2009) Clement Freud
20%
Pianist (1974-present) Colin Sell
20%
Regular (1968-1988) Kenneth Williams
20%
Regular (1995-1997) Lee Hurst
20%
Chair (1995-2004) Nick Hancock
20%
Captain (2003-2004) Phil Tufnell
20%
Regular (1974-1996) Willie Rushton
20%
Captain (2005-2006) Boris Becker
10%
Captain (1993) Danny Baker
10%
Captain (1995-2003) David Gower
10%
Captain (2003-2004) David Seaman
10%
Regular (1967-1999) Derek Nimmo
10%
Captain (2004-2006) Ian Wright
10%
Regular (1972) Jo Kendall
10%
Captain (1993) Jonathan Ross
10%
Regular (1999-2005) Jonathan Ross
10%
Regular (1995-2006) Rory McGrath
10%
Captain (2002) Will Self
10%
No matching quizzes found
Score Distribution
Percent of People with Each Score
Percentile by Number Answered
Your Score History
You have not taken this quiz